1968 (Record no. 935934)

MARC details
000 -LEADER
fixed length control field 01014nam a2200289Ia 4500
003 - CONTROL NUMBER IDENTIFIER
control field OSt
005 - DATE AND TIME OF LATEST TRANSACTION
control field 20221005030249.0
008 - FIXED-LENGTH DATA ELEMENTS--GENERAL INFORMATION
fixed length control field 221004b |||||||| |||| 00| 0 eng d
020 ## - INTERNATIONAL STANDARD BOOK NUMBER
International Standard Book Number 0521646375
037 ## - SOURCE OF ACQUISITION
Terms of availability Textual
040 ## - CATALOGING SOURCE
Original cataloging agency CRL
Transcribing agency CRL
Language of cataloging eng
041 ## - LANGUAGE CODE
Source of code eng
Language code of text/sound track or separate title eng
100 ## - MAIN ENTRY--PERSONAL NAME
Personal name Fink Carole Ed.
9 (RLIN) 18549
245 #0 - TITLE STATEMENT
Title 1968
Remainder of title The world transformed edited by Carole Fink, Philipp Gassert and Detlef Junker
260 ## - PUBLICATION, DISTRIBUTION, ETC.
Place of publication, distribution, etc. Cambridge
Name of publisher, distributor, etc. Cambridge University Press U. K.
Date of publication, distribution, etc. 1999
300 ## - PHYSICAL DESCRIPTION
Extent 490p.
Dimensions cm.
490 ## - SERIES STATEMENT
Series statement German Historical Institute, Washington, D.C.
650 ## - SUBJECT ADDED ENTRY--TOPICAL TERM
Topical term or geographic name entry element WORLD HISTORY
700 ## - ADDED ENTRY--PERSONAL NAME
Personal name Gassert Philipp Ed.
9 (RLIN) 18550
700 ## - ADDED ENTRY--PERSONAL NAME
Personal name Junker Detlef Ed.
9 (RLIN) 18551
942 ## - ADDED ENTRY ELEMENTS (KOHA)
Classification part V1.N68, N8
Koha item type Textual
Source of classification or shelving scheme
Holdings
Withdrawn status Lost status Damaged status Not for loan Home library Current library Date acquired Source of acquisition Cost, normal purchase price Total Checkouts Full call number Barcode Date last seen Cost, replacement price Price effective from Koha item type
        Central Library Central Library 2022-10-05 1718, 30/03/2005, Bharat Scientific Syndicate 1327.83   V1.N68 N8 CL1211904 2022-10-05 1327.83 2022-10-05 Textual
Copyright @ Delhi University Library System